01129nam a22002777a 4500003000400000005001700004008004100021040002200062082001800084100002700102245004300129260004700172300001900219366000800238490001300246505008200259505017000341505001200511650004100523650005000564650004400614650004800658650004300706650005500749650004700804OSt20230503134734.0221006b |||||||| |||| 00| 0 eng d cBiblioteca Lado V a709.05bR643f aRoberts, Jameseeditor aFrieze/bContemporary Art And Culture/ bDurian Publications Ltd.aInglaterrac2002 c23x30cma124p. eeng a68v2002 tColumnsaBooks Toys Design Leisure Film and Television Philosophy Music tFeaturesaPicture: Morning stands on tiptoe Oats, peas, beans and barley grow Drastic plastic Pavement to penthouse Sweet Charity Local hero Celestial bodies tReviews 2Tesauro de Arte & ArquitecturaaARTE 2Tesauro de Arte & ArquitecturaaEXPOSICIONES  2Tesauro de Arte & ArquitecturaaCULTURA 2Tesauro de Arte & ArquitecturaaAPRECIACION 2Tesauro de Arte & ArquitecturaaTEORIA 2Tesauro de Arte & ArquitecturaaARTE CONTEMPORANEO 2Tesauro de Arte & ArquitecturaaINGLATERRA